000 00801nam a2200229 a 4500
001 BRCA_8504
005 20190320210319.0
008 210616s2015----ph-a######---#000-0#eng-#
020 _a978971945711
041 _aeng
044 _aph
050 4 _aHE859
_b.M49 2015
245 1 0 _aMexico and the Philippines
_ban unwritten story
_cFrancisco Sionil Jose ... [et al.] ; edited by Ricardo Suarez Soler.
260 _aManila, Filipinas
_bPhilippine Chapter of PEN International
_c2015
300 _a144 p.
_bil. (algunas a color)
_c25 cm.
504 _aBibliografĂ­a : p. 141-143
651 4 _aMéxico
_xHistoria - Comercio
_921318
651 4 _aFilipinas
_xHistoria - Comercio
_921319
700 1 _aSionil Jose, Francisco
_d1924-
_921320
700 1 _aSuarez Soler, Ricardo
_eed.
_921321
942 _2lcc
_cB
999 _c8170
_d8170